000 00317nam a2200109Ia 4500
008 171211s9999 xx 000 0 und d
245 _aEncyclopedia of Geography (6 Volumes)
245 _cBarney Warf
260 _c2010
650 _xEncyclopedia and Dictionary
856 _uhttp://down.ebook777.com/057/1412956978.pdf
999 _c350166
_d350166